Indiannism, regionalism and humanism in the selected novels / (Record no. 41420)

MARC details
000 -LEADER
fixed length control field 00744nam a22002057a 4500
005 - DATE AND TIME OF LATEST TRANSACTION
control field 20100812152353.0
010 ## - LCCN (DPL NO)
LC control number ENG-100076
020 ## - INTERNATIONAL STANDARD BOOK NUMBER
Terms of availability 95.00
International Standard Book Number 9788190863247
035 ## - SYSTEM CONTROL NUMBER
System control number EN-83608
037 ## - SOURCE OF ACQUISITION
Source of stock number/acquisition DBAD/PUB
082 ## - DEWEY DECIMAL CLASSIFICATION NUMBER
Classification number 808.9
100 ## - MAIN ENTRY--PERSONAL NAME
Personal name Gopi, P.
245 ## - TITLE STATEMENT
Title Indiannism, regionalism and humanism in the selected novels /
Statement of responsibility, etc by P. Gopi
260 ## - PUBLICATION, DISTRIBUTION, ETC. (IMPRINT)
Place of publication, distribution, etc Chennai
Name of publisher, distributor, etc Saru Publication
Date of publication, distribution, etc 2009
270 ## - ADDRESS
Address 15, K. S. Mani Street Choolaimedu,
City Chennai
Postal code 600094
300 ## - PHYSICAL DESCRIPTION
Extent 103p.
Dimensions 20cm (pbk)
500 ## - GENERAL NOTE
General note Includes bibliographical references
942 ## - ADDED ENTRY ELEMENTS (KOHA)
Source of classification or shelving scheme Dewey Decimal Classification
Item type English Books
Classification part 808.9
Call number suffix GOP
Holdings
Withdrawn status Lost status Not for loan Collection code Home library Current library Date acquired Source of acquisition Cost, normal purchase price Full call number Barcode Copy number Cost, replacement price Koha item type
    Not For Loan Non-fiction D.B.Act.Division D.B.Act.Division 12/08/2010 DBAD/PUB 95.00 808.9 GOP EN-83608 1 95.00 English Books

© Delhi Public Library
Hit Counter
free hit counter